<?xml version="1.0" encoding="UTF-8"?>
<record
    xmlns:xsi="http://www.w3.org/2001/XMLSchema-instance"
    xsi:schemaLocation="http://www.loc.gov/MARC21/slim http://www.loc.gov/standards/marcxml/schema/MARC21slim.xsd"
    xmlns="http://www.loc.gov/MARC21/slim">

  <leader>01371nam a2200265 a 4500</leader>
  <controlfield tag="003">DO-SdBNP</controlfield>
  <controlfield tag="005">20240528191003.0</controlfield>
  <controlfield tag="007">ta</controlfield>
  <controlfield tag="008">100322s2020    dr a   gr  000 01sp|spa</controlfield>
  <datafield tag="020" ind1=" " ind2=" ">
    <subfield code="a">9789945923117</subfield>
  </datafield>
  <datafield tag="040" ind1=" " ind2=" ">
    <subfield code="a">DO-SdBNP</subfield>
    <subfield code="b">spa</subfield>
    <subfield code="c">BNPHU</subfield>
  </datafield>
  <datafield tag="082" ind1=" " ind2="4">
    <subfield code="2">22</subfield>
    <subfield code="b">R426c</subfield>
  </datafield>
  <datafield tag="110" ind1="1" ind2=" ">
    <subfield code="a">Rep&#xFA;blica Dominicana</subfield>
    <subfield code="b">Consejo Nacional de Discapacidad</subfield>
    <subfield code="9">78179</subfield>
  </datafield>
  <datafield tag="245" ind1="1" ind2="0">
    <subfield code="a">Consecuencias sociales y econ&#xF3;micas de la exclusi&#xF3;n laboral de la poblaci&#xF3;n con discapacidad en Rep&#xFA;blica Dominicana /</subfield>
  </datafield>
  <datafield tag="260" ind1=" " ind2=" ">
    <subfield code="a">Santo Domingo :</subfield>
    <subfield code="b">Banco Interamericano de Desarrollo,</subfield>
    <subfield code="c">2020.</subfield>
  </datafield>
  <datafield tag="300" ind1=" " ind2=" ">
    <subfield code="a">156 p. :</subfield>
    <subfield code="c">21 cm.</subfield>
  </datafield>
  <datafield tag="504" ind1=" " ind2=" ">
    <subfield code="a">Bibliograf&#xED;a : p. 151-153</subfield>
  </datafield>
  <datafield tag="505" ind1=" " ind2=" ">
    <subfield code="a">Cap&#xED;tulo 1--</subfield>
    <subfield code="t">Objetivos y aspectos metodol&#xF3;gicos.--</subfield>
    <subfield code="g">Cap&#xED;tulo 2</subfield>
    <subfield code="t">Marco Te&#xF3;rico-conceptual.--</subfield>
    <subfield code="g">Cap&#xED;tulo 3--</subfield>
    <subfield code="t">Cualidades de la exclusi&#xF3;n laboral dela poblaci&#xF3;n con discapacidad.--</subfield>
    <subfield code="g">Cap&#xED;tulo 4--</subfield>
    <subfield code="t">Barreras para la inclusi&#xF3;n laboral plena.--</subfield>
    <subfield code="g">Cap&#xED;tulo 5--</subfield>
    <subfield code="t">Marco legal y marco program&#xE1;tico.--</subfield>
    <subfield code="g">Cap&#xED;tulo 6--</subfield>
    <subfield code="t">Respuesta para la inclusi&#xF3;n laboral de las personas con discapacidad.--</subfield>
    <subfield code="t">Bibliograf&#xED;a.-- Anexos.</subfield>
  </datafield>
  <datafield tag="590" ind1=" " ind2=" ">
    <subfield code="a">Inventariado, 2021/ YL</subfield>
  </datafield>
  <datafield tag="610" ind1="2" ind2="0">
    <subfield code="a">Banco Interamericano de Desarrollo</subfield>
    <subfield code="9">9655</subfield>
  </datafield>
  <datafield tag="650" ind1=" " ind2="4">
    <subfield code="9">7310</subfield>
    <subfield code="a">Trabajo de personas con discapacidad</subfield>
    <subfield code="z">Rep&#xFA;blica Dominicana</subfield>
  </datafield>
  <datafield tag="650" ind1=" " ind2="4">
    <subfield code="9">32641</subfield>
    <subfield code="a">Personas con discapacidades f&#xED;sicas</subfield>
    <subfield code="x">Inclusi&#xF3;n Laboral</subfield>
  </datafield>
  <datafield tag="910" ind1=" " ind2=" ">
    <subfield code="a">MFELIZ</subfield>
  </datafield>
  <datafield tag="942" ind1=" " ind2=" ">
    <subfield code="2">ddc</subfield>
    <subfield code="c">LBS1</subfield>
  </datafield>
  <datafield tag="952" ind1=" " ind2=" ">
    <subfield code="0">0</subfield>
    <subfield code="1">0</subfield>
    <subfield code="2">ddc</subfield>
    <subfield code="5">1</subfield>
    <subfield code="7">0</subfield>
    <subfield code="8">PD</subfield>
    <subfield code="a">BNPHU</subfield>
    <subfield code="b">BNPHU</subfield>
    <subfield code="c">CT</subfield>
    <subfield code="d">2020-11-26</subfield>
    <subfield code="e">Dep&#xF3;sito Legal</subfield>
    <subfield code="o">BNPHU PD R426c</subfield>
    <subfield code="p">2021-1031</subfield>
    <subfield code="r">2021-03-19</subfield>
    <subfield code="w">2021-03-19</subfield>
    <subfield code="y">LBS1</subfield>
  </datafield>
  <datafield tag="952" ind1=" " ind2=" ">
    <subfield code="0">0</subfield>
    <subfield code="1">0</subfield>
    <subfield code="2">ddc</subfield>
    <subfield code="5">1</subfield>
    <subfield code="7">0</subfield>
    <subfield code="8">PD</subfield>
    <subfield code="a">BNPHU</subfield>
    <subfield code="b">BNPHU</subfield>
    <subfield code="c">CT</subfield>
    <subfield code="d">2021-01-11</subfield>
    <subfield code="e">Dep&#xF3;sito legal </subfield>
    <subfield code="o">BNPHU PD R426c</subfield>
    <subfield code="p">2021-27701</subfield>
    <subfield code="r">2021-10-29</subfield>
    <subfield code="w">2021-10-29</subfield>
    <subfield code="y">LBS1</subfield>
  </datafield>
  <datafield tag="999" ind1=" " ind2=" ">
    <subfield code="c">49628</subfield>
    <subfield code="d">49628</subfield>
  </datafield>
</record>
